| 000 | 00519nam a2200205Ia 4500 | ||
|---|---|---|---|
| 005 | 20260429111945.0 | ||
| 008 | 260429s9999||||xx |||||||||||||| ||und|| | ||
| 020 | _a9789351102014 | ||
| 041 | _aEnglish | ||
| 082 |
_a005.133 _bLUT |
||
| 100 | _aLutz, Mark | ||
| 245 | 0 |
_aLearning python / _cMark Lutz |
|
| 250 | _a5th ed. | ||
| 260 |
_aMumbai : _bShroff Publishers, _c2013. |
||
| 300 | _axlix, 1540 p.; pbk | ||
| 650 | _a Computer programming | ||
| 650 | _a Python | ||
| 650 | _aComputer science | ||
| 942 | _cTB | ||
| 999 |
_c51611 _d51611 |
||